000 00711nam a2200205 i 4500
001 128137
003 ES-MaACL
005 20230906193155.0
007 t|
008 070622s1947 sp ||||1| spa d
080 _a234.24
100 1 _aAlvarez Seisdedos, Francisco.
_920965
245 1 0 _aEstudio del dogma católico
_b: comentario al cuestionario oficial de segundo año de enseñanza religiosa en la universidad /
_cpor Francisco Alvarez Seisdedos.
250 _a2ª ed.
260 _aSevilla :
_bEscuelas Salesianas de Artes Gráficas,
_c1947.
300 _a354 p. ;
_c24 cm.
500 _aBiblioteca Jacinto Martínez Lacalle.
650 1 4 _aDogma.
_911963
852 _aES-MaACL
_jE-11805
_bR.139917
999 _c128137
_d128137